=LDR 00000nam 2200000 4500 =001 INLIS000000000003696 =005 20130612092011 =008 ***********************************Ind** =035 ##$$0010-061300000003696 =041 ##$$a Ind =082 ##$$a 539.744 =090 ##$$a 539.744, Sut s =100 ##$$a Susetyo, Wisnu =245 ##$$a Spektrometri gamma dan penerapannya dalam analisis pengaktifan neutron, Susetyo, Wisnu =260 ##$$a 1988 $b Yogyakarta =300 ##$$a ix, 172 hlm. , ilus, 21 cm =650 ##$$a Spektrometri Sinar Gamma =850 ##$$a NBPNMAT